Sports Quiz

Random Sports or Basketball Quiz

Active NBA Players that have been a Celtic (Slideshow) Quiz Stats

Quiz not verified by Sporcle

Challenge
Share
Tweet
Score 0/56 Timer 10:00
0 Plays Today
% Correct
Paul Pierce
99.8%
Kevin Garnett
98.5%
Rajon Rondo
98.5%
Avery Bradley
86.8%
Kendrick Perkins
86.5%
Nate Robinson
86.1%
Kris Humphries
85.8%
Ray Allen
85.3%
Gerald Wallace
81.7%
Jeff Green
81.5%
Jason Terry
81.2%
Glen Davis
81%
Chauncey Billups
78.8%
Brandon Bass
77.9%
Jermaine O'Neal
75.3%
Tony Allen
75.2%
Joe Johnson
74%
Leandro Barbosa
71.7%
Al Jefferson
70.5%
Delonte West
70%
Courtney Lee
64%
Jason Collins
63.7%
Kelly Olynyk
62%
Keith Bogans
60.1%
Jared Sullinger
59.4%
Gerald Green
56%
MarShon Brooks
55.5%
Jordan Crawford
54.3%
% Correct
Marquis Daniels
51.4%
Mickael Pietrus
48.1%
Troy Murphy
46.2%
Ryan Hollins
42.3%
Fab Melo
41.6%
Chris Wilcox
41.1%
Greg Stiemsma
37.8%
Sebastian Telfair
36.8%
Luke Harangody
30.3%
Terrence Williams
28.8%
Sasha Pavlovic
28.8%
Mike James
28.8%
Keyon Dooling
27.6%
Ryan Gomes
26.2%
Tony Battie
23.3%
E'Twaun Moore
21.9%
Shavlik Randolph
21.4%
D.J. White
20.2%
Von Wafer
18.7%
Bill Walker
14.9%
Donte Greene
11.7%
Kris Joseph
11.1%
JaJuan Johnson
9.9%
Sean Williams
9.9%
Chris Johnson
8.2%
Jarvis Varnado
7.4%
Lester Hudson
6.3%
Marcus Landry
4.1%

You're not logged in!

Compare scores with friends on all Sporcle quizzes.
Sign Up with Email
OR
Log In

You Might Also Like...

Show Comments

Extras

Top Quizzes Today


Score Distribution

Your Account Isn't Verified!

In order to create a playlist on Sporcle, you need to verify the email address you used during registration. Go to your Sporcle Settings to finish the process.